LEADER 00960nam0-22002771i-450- 001 990001672310403321 005 20050524115823.0 035 $a000167231 035 $aFED01000167231 035 $a(Aleph)000167231FED01 035 $a000167231 100 $a20030910d19031915km-y0itay50------ba 101 0 $aita 200 1 $aRelazione della Direzione generale delle Imposte Dirette e del Catasto per gli esercizi finanziari 1901-02 - 1913-14$fMinistero delle Finanze 210 $aRoma$cStab. Calzone-Villa$d1903-1915 215 $a14 v.$d30 cm 610 0 $aImposte dirette 676 $a336.294 710 02$aItalia.$bMinistero delle finanze$0356818 801 0$aIT$bUNINA$gRICA$2UNIMARC 901 $aBK 912 $a990001672310403321 952 $a60 336.21 A 5$b23024/37$fFAGBC 959 $aFAGBC 996 $aRelazione della Direzione generale delle Imposte Dirette e del Catasto per gli esercizi finanziari 1901-02 - 1913-14$9370875 997 $aUNINA LEADER 02225oas 2200877 a 450 001 9910146377503321 005 20250921213016.0 011 $a2167-2725 035 $a(OCoLC)48060993 035 $a(CONSER) 2001255007 035 $a(CKB)954921425613 035 $a(EXLCZ)99954921425613 100 $a20011001b19932005 uy a 101 0 $aeng 135 $aurcnu|||||||| 181 $ctxt$2rdacontent 182 $cc$2rdamedia 183 $acr$2rdacarrier 200 14$aThe Academy of Management executive 210 $aAda, Ohio $cAcademy of Management$d1993-2005 300 $aRefereed/Peer-reviewed 300 $aTitle from cover (JSTOR, viewed Oct. 24, 2008). 300 $aPublished: Briarcliff Manor, NY, 1995-2005. 311 0 $a1079-5545 517 3 $aExecutive 606 $aManagement$vPeriodicals 606 $aOrganizational change$vPeriodicals 606 $aExecutives$vPeriodicals 606 $aGestion$vPe?riodiques 606 $aExecutives$2fast$3(OCoLC)fst00917875 606 $aManagement$2fast$3(OCoLC)fst01007141 606 $aOrganizational change$2fast$3(OCoLC)fst01047828 606 $aManagement$2gtt 608 $aPeriodicals.$2fast 608 $aPeriodicals.$2lcgft 615 0$aManagement 615 0$aOrganizational change 615 0$aExecutives 615 6$aGestion 615 7$aExecutives. 615 7$aManagement. 615 7$aOrganizational change. 615 17$aManagement. 676 $a650 712 02$aAcademy of Management 801 0$bZCU 801 1$bZCU 801 2$bOCLCQ 801 2$bSERSO 801 2$bEYM 801 2$bHUL 801 2$bOCLCO 801 2$bDLC 801 2$bAD# 801 2$bOCLCQ 801 2$bGBVCP 801 2$bOCLCQ 801 2$bOCLCO 801 2$bVT2 801 2$bOCLCQ 801 2$bOCLCF 801 2$bOCLCO 801 2$bOCLCQ 801 2$bGILDS 801 2$bOCLCO 801 2$bCNTRU 801 2$bIOY 801 2$bOCLCQ 801 2$bORU 801 2$bOCLCL 801 2$bOCLCQ 801 2$bOCLCL 906 $aJOURNAL 912 $a9910146377503321 996 $aThe Academy of Management executive$92247845 997 $aUNINA